Southpark characters Quiz Stats

 Plays Quiz not verified by Sporcle

Challenge
Share
Tweet
Embed
Score 0/42 Timer 10:00
0 Plays Today
Character hint Character % Correct
One of the original four main boys, who is an obese, manipulative, ill-tempered racist Eric Cartman
63.9%
One of the original four main boys and one of South Park's more sensible charactersStan Marsh
52.9%
Stan's father, who worked as a geologist. He gets involved in stupid things such as becoming a celebrity chef and getting into baseball fights.Randy Marsh
50%
Mother of Cartman who spoils her son.Liane Cartman
47.1%
The boys' teacher who had a sex change operation duringMr.Garrison
42.8%
One of the original four main boys and resident of a poor household.Kenny McCormick
41.8%
Mr. Garrison's lover and classroom assistant, who later married Big Gay AlMr.Slave
41.3%
One of the original four main boys and one of few Jewish children in South Park.Kyle Broflovski
40.9%
Kyle's younger brother, the Canadian-born adopted son of Gerald and SheilaIke Broflovski
37%
The town's highly untrained and undereducated police officerOfficer Barbrady
35.6%
Randy's wife and Stan's mother.Sharon Marsh
35.1%
The boys' wealthiest classmate and apparently the only black child in the townToken Black
34.6%
The school's counselor, who says 'M'Kay' randomlyMr.Mackey
34.6%
The boys' hyperactive and paranoid classmate due to an excessive intake of coffee, although his parents believe it to be because of ADD.Tweek Tweek
33.2%
Kyle's father, who works as a lawyer.Gerald Broflovski
32.7%
A talking stoner towel (currently sober), father of WashclothTowelie
32.7%
Ex-scout leader who used to own a sanctuary for gay animals, portrayed as the show's stereotypical gay characterBig Gay Al
32.2%
Stan's violent, snobbish, ill-tempered and mischievous older sisterShelley Marsh
30.3%
An Ethiopian boyStarvin' Marvin
29.8%
One of the boys' classmates who is very often involved in the antics of the main four. Butters Stotch
29.3%
A Canadian television comedy duo later married to the Queef sistersTerrance and Phillip
29.3%
Character hint Character % Correct
One of the boys' classmates, Stan's girlfriend and Bebe's best friendWendy Testaburger
26.4%
Kyle's overly-protective mother.Shelia Broflovski
24%
The principal of the schoolPrincipal Victoria
24%
Butters' motherLinda Stotch
20.7%
Randy's father and Stan's grandfather, who attempts to kill himself or have others do soGrandpa Marvin Marsh
20.2%
Kenny's alcoholic and violent fatherStuart McCormick
19.7%
One of the boys' two handicapped classmates and an amateur standup comedian he is known to stutter a lot when he talks due to his disabilityJimmy Valmer
19.2%
Kenny's alcoholic and violent motherCarol McCormick
18.8%
Randy Marsh's half brother and Stan's uncle, who is portrayed as a hunter, TV show host, and gun store ownerJimbo Kern
18.3%
One of the boys' classmates and considered himself as the sexiest of the class.Clyde Donovan
17.8%
Butters' strict father Stephen Stotch
16.3%
The boys' blonde, female classmate and Wendy's best friendBebe Stevens
15.4%
Catholic priestFather Maxi
13.5%
One of the boys' classmate who occasionally antagonizes themCraig Tucker
11.1%
One of the boys' two handicapped classmates whose vocabulary is mostly limited to the enthusiastic shouting of his own nameTimmy Burch
9.1%
Town's mayorMayor McDaniels
8.2%
Jimbo Kern's best friend who speaks through a voiceboxNed Gerblansky
6.3%
Local mad scientist and Marlon Brando lookalikeDr. Alphonse Mephisto
6.3%
One of the boys friends that appears in a lot of episodes in their classroom.( MintBerry Crunch)Bradley Biggle
5.8%
City Wok owner, recently shown to be one of many personalities of a therapist with Multiple Personality Disorder.Tuong Lu Kim
5.8%
A police detectiveSergeant Harrison Yates
2.9%

You're not logged in!

Compare scores with friends on all Sporcle quizzes.
Join for Free
OR
Log In

You Might Also Like...

Show Comments

Extras

Created Nov 17, 2011ReportNominate
Tags:South Park Quiz, character

Top Quizzes Today


Score Distribution

Your Account Isn't Verified!

In order to create a playlist on Sporcle, you need to verify the email address you used during registration. Go to your Sporcle Settings to finish the process.

Report this User

Report this user for behavior that violates our Community Guidelines.

Details: